[Event "Treviso op-A 4th"]
[Site "Treviso"]
[Date "2023.04.01"]
[Round "2"]
[White "Salerno, Christian1"]
[Black "Montalto, Federica"]
[Result "1/2-1/2"]
[WhiteElo "1725"]
[BlackElo "1775"]
[PlyCount "115"]
[EventDate "2023.03.31"]
[EventType "swiss"]
[EventRounds "5"]
[EventCountry "ITA"]
[SourceTitle "EXT 2024"]
[Source "ChessBase"]
[SourceDate "2023.10.10"]
[SourceVersion "1"]
[SourceVersionDate "2023.10.10"]
[SourceQuality "1"]

1. d4 d5 2. Nf3 Nf6 3. c4 dxc4 4. e3 a6 5. a4 c5 6. Bxc4 Nc6 7. h3 cxd4 8. exd4 Qc7 9. 0-0 Bf5 10. Be3 e6 11. Qe2 Be7 12. Nc3 0-0 13. Rac1 Rfd8 14. Rfd1 Qa5 15. Bd2 Bb4 16. Bg5 Bxc3 17. bxc3 Qxa4 18. Bxf6 gxf6 19. Nh4 Ne7 20. g4 Bg6 21. Bxe6 Re8 22. Nxg6 Nxg6 23. Qa2 Qxa2 24. Bxa2 Nf4 25. Kh2 Re2 26. Bc4 Rb2 27. Kg3 Ne6 28. Re1 Re8 29. d5 Ng7 30. d6 Rxe1 31. Rxe1 Rd2 32. Re7 Rxd6 33. Rxf7 Rc6 34. Rc7+ Kf8 35. Rxc6 bxc6 36. Bxa6 Ke7 37. f4 h6 38. Kf3 Kd6 39. Ke4 c5 40. Bc4 Kc6 41. Bf7 Kd6 42. Kf3 Kc6 43. h4 Kd6 44. g5 fxg5 45. fxg5 hxg5 46. h5 Nf5 47. Kg4 Nh6+ 48. Kxg5 Nxf7+ 49. Kg6 Ke6 50. Kg7 Ke7 51. Kg6 Ne5+ 52. Kf5 Nf7 53. Kg6 c4 54. Kg7 Ke6 55. Kg6 Ne5+ 56. Kg5 Nf7+ 57. Kg6 Ne5+ 58. Kg5 1/2-1/2

[Event "Treviso op-A 4th"]
[Site "Treviso"]
[Date "2023.03.31"]
[Round "1"]
[White "Montalto, Federica"]
[Black "Zamengo, Bruno"]
[Result "0-1"]
[WhiteElo "1775"]
[BlackElo "1865"]
[PlyCount "86"]
[EventDate "2023.03.31"]
[EventType "swiss"]
[EventRounds "5"]
[EventCountry "ITA"]
[SourceTitle "EXT 2024"]
[Source "ChessBase"]
[SourceDate "2023.10.10"]
[SourceVersion "1"]
[SourceVersionDate "2023.10.10"]
[SourceQuality "1"]

1. e4 e6 2. b3 c5 3. Bb2 Nc6 4. Nf3 Qc7 5. Nc3 a6 6. Be2 Nf6 7. d4 cxd4 8. Nxd4 Nxd4 9. Qxd4 Bc5 10. Qd2 b5 11. a3 Bb7 12. Qg5 Bd4 13. Nxb5 Bxf2+ 14. Kxf2 Nxe4+ 15. Kf1 axb5 16. Qe5 Qxe5 17. Bxe5 f6 18. Bb2 Bc6 19. Bd3 Nc5 20. Rd1 Kf7 21. Kf2 Rhc8 22. Rhe1 e5 23. Bf5 Rc7 24. Re3 g6 25. Bd3 d5 26. Rh3 Kg7 27. Re3 Ne6 28. Be2 Ng5 29. Bf3 d4 30. Ree1 Bxf3 31. gxf3 Rxc2+ 32. Re2 Rxe2+ 33. Kxe2 Rc8 34. Rd2 Ne6 35. Kf2 f5 36. b4 Kf6 37. Ke2 Nf4+ 38. Kf2 Nd5 39. Ke1 g5 40. Kd1 h5 41. h4 gxh4 42. Rh2 Ne3+ 43. Ke1 Kg5 0-1

[Event "ITA-ch U16"]
[Site "Salsomaggiore Terme"]
[Date "2019.07.10"]
[Round "5"]
[White "Maulo, Alessandra"]
[Black "Montalto, Federica"]
[Result "1-0"]
[WhiteElo "1604"]
[BlackElo "1366"]
[PlyCount "55"]
[EventDate "2019.07.07"]
[EventType "swiss"]
[EventRounds "9"]
[EventCountry "ITA"]
[SourceTitle "EXT 2020"]
[Source "ChessBase"]
[SourceDate "2019.10.17"]
[SourceVersion "1"]
[SourceVersionDate "2019.10.17"]
[SourceQuality "1"]

1. e4 e5 2. Nf3 Nc6 3. Nc3 Bc5 4. Nxe5 Nxe5 5. d4 Bb4 6. dxe5 Bxc3+ 7. bxc3 Ne7 8. Bc4 Ng6 9. f4 Qe7 10. 0-0 0-0 11. Kh1 Rd8 12. a4 d6 13. Ba3 c5 14. exd6 Qxe4 15. Bd5 Qxa4 16. Bxc5 Qd7 17. Qf3 Qf5 18. Qd3 Qg4 19. h3 Qh4 20. Qf3 Qf6 21. c4 Qf5 22. Rae1 Qxc2 23. Bxf7+ Kxf7 24. Qd5+ Kf6 25. Bd4+ Ne5 26. Qxe5+ Kg6 27. Qxg7+ Kf5 28. Qf6# 1-0